Państwa, które mają ponad 1 000 000 km² powierzchni - Statystyki

Ogólne statystyki
  • Ten quiz został rozwiązany 81 razy
  • Średni wynik to 23 z 30
Statystyki odpowiedzi
Powierzchnia Państwo % Poprawnych
8 515 767 km² Brazylia
98%
9 984 670 km² Kanada
98%
17 098 242 km² Rosja
98%
9 536 935 km² Stany Zjednoczone
98%
7 682 905 km² Australia
97%
9 984 670 km² Chiny
95%
2 780 400 km² Argentyna
90%
1 964 375 km² Meksyk
90%
3 287 263 km² Indie
89%
2 149 690 km² Arabia Saudyjska
87%
1 219 090 km² Południowa Afryka
84%
2 381 741 km² Algieria
82%
2 724 900 km² Kazachstan
82%
1 904 569 km² Indonezja
81%
1 564 116 km² Mongolia
81%
1 648 195 km² Iran
79%
1 001 450 km² Egipt
77%
2 344 858 km² D. R. Konga
76%
1 267 000 km² Niger
74%
1 759 540 km² Libia
73%
1 861 484 km² Sudan
71%
1 138 910 km² Kolumbia
69%
1 104 300 km² Etiopia
65%
1 030 700 km² Mauretania
61%
1 284 000 km² Czad
60%
1 285 216 km² Peru
60%
1 098 581 km² Boliwia
58%
2 210 437 km² Dania
58%
1 240 192 km² Mali
56%
1 246 700 km² Angola
55%
Nie znaleziono quizów pasujących do podanych kryteriów
Rozkład punktacji
Procent ludzi z każdym wynikiem
Percentyl według liczby udzielonych odpowiedzi
Twoja historia wyników
Nie rozwiązałeś tego quizu